| 000 | 00516nam a2200193Ia 4500 | ||
|---|---|---|---|
| 008 | 240510s9999 xx 000 0 und d | ||
| 020 | _a0000751305413 | ||
| 041 | _aEng | ||
| 082 | _a006.7 | ||
| 082 | _bM84 | ||
| 100 | _aKindersley, D | ||
| 245 | 0 | _aMultimedia the Complete user-friendly guide to the internet, world wide web, DVDs, virtual reality, CD-ROMs and 3D Games | |
| 260 | _bDK Publishing: London | ||
| 260 | _c1998 | ||
| 300 | _a192 p. | ||
| 650 | _aMULTIMEDIA | ||
| 942 | _2ddc | ||
| 942 | _cLBK | ||
| 999 |
_c27306 _d27306 |
||
| 945 |
_a1 _bMadushi Gamage _c1 _dMadushi Gamage |
||